La revolución francesa /

Guardado en:
Autor Corporativo: The Annemberg/CPB Project.
Formato: Deslizar
Series:Historia del mundo occidental
Materias:
Etiquetas: Agregar Etiqueta
Sin Etiquetas, Sea el primero en etiquetar este registro!
LEADER 01037ngm a22002655g 4500
001 CEM.cems021946
008 130507b1993##################0###0#####d
005 20240923130249.0
245 1 0 |a La revolución francesa /  |c The Annemberg/CPB Project. 
300 |a 27'. 
490 0 |a Historia del mundo occidental 
500 |a En soporte VHS, consultar en ventanilla. 
505 0 |a Circunstancias sociales y políticas de la revolución. El nuevo estado liberal. Medidas de terror. Ideales y resultados revolucionarios. Napoleón y su carrera político-militar. El imperio napoleónico. El liberalismo. 
538 |a Soporte: VHS - Norma: Pal N - Color - Grabación DRD 1993 - Hitachi=0000 
110 2 |a The Annemberg/CPB Project. 
082 9 4 |/ HIS 
653 |a HISTORIA 
653 |a POLITICA 
653 |a REVOLUCION FRANCESA 
653 |a LIBERALISMO 
653 |a NAPOLEON 
653 |a FRANCIA 
653 |a FRANCIA-HISTORIA 
653 |a NIVEL SECUNDARIO 
859 |a CEMS  |b BIB. CEMS - Depto. Recursos Didacticos  |h 940  |i HIS  |k DRD  |p 589.12  |t Ej.1